LIBRARY ONLINE CATALOGUE

Contract law/ (Record no. 20019)

MARC details
000 -LEADER
fixed length control field 00441nam a22001457a 4500
008 - FIXED-LENGTH DATA ELEMENTS--GENERAL INFORMATION
fixed length control field 230306b |||||||| |||| 00| 0 eng d
020 ## - INTERNATIONAL STANDARD BOOK NUMBER
International Standard Book Number 9966530950
050 ## - LIBRARY OF CONGRESS CALL NUMBER
Classification number KD1554
Item number .O36 2021
100 ## - MAIN ENTRY--PERSONAL NAME
Personal name Riungu-Koyier, Catherine Karimi
245 ## - TITLE STATEMENT
Title Contract law/
Statement of responsibility, etc. Catherine Karimi Riungu-Koyer & Moronge Lereko Obonyo
260 ## - PUBLICATION, DISTRIBUTION, ETC. (IMPRINT)
Place of publication, distribution, etc. Nairobi, Kenya
Name of publisher, distributor, etc. LawAfrica
Date of publication, distribution, etc. 2021
300 ## - PHYSICAL DESCRIPTION
Extent xlix, 291p.
700 ## - ADDED ENTRY--PERSONAL NAME
Personal name Obonyo, Moronge Lereko
942 ## - ADDED ENTRY ELEMENTS (KOHA)
Source of classification or shelving scheme Library of Congress Classification
Koha item type General Collection
Holdings
Withdrawn status Lost status Source of classification or shelving scheme Not for loan Home library Current library Date acquired Inventory number Total Checkouts Total Renewals Full call number Barcode Checked out Date last seen Date last checked out Copy number Price effective from Koha item type
    Library of Congress Classification   Kabarak, Main Campus Kabarak, Main Campus 06/03/2023 2347/2022 16 2 KD1554 .O36 2021 C.1 34889 10/07/2026 24/06/2026 24/06/2026 C.1 06/03/2023 General Collection
    Library of Congress Classification   Kabarak, Main Campus Kabarak, Main Campus 06/03/2023 2346/2022 23 1 KD1554 .O36 2021 C.2 34896 09/07/2026 23/06/2026 23/06/2026 C.2 06/03/2023 General Collection